Score 0/30 Timer 08:00
1 Play Today
% Correct
The Little Mermaid
98.2%
Titanic
91%
Alice in Wonderland
90.4%
Annie
90.4%
Brave
87.7%
The Breakfast Club
81%
Who Framed Roger Rabbit
78.3%
Mean Girls
76.1%
Thelma & Louise
73.7%
American Pie 2
71.7%
The Avengers
70.7%
Easy A
69.6%
Spider-Man
67.2%
Enchanted
64.4%
Harry Potter and the Sorcerer's Stone
63.3%
% Correct
The Devil Wears Prada
62.5%
Batman & Robin
57%
The Fifth Element
54.1%
Wedding Crashers
54.1%
Moulin Rouge
51%
Avatar
46%
Zero Dark Thirty
44%
Ocean's Eleven
37.2%
Gangs of New York
34.7%
Run Lola Run
27.6%
Hannibal
25%
Terminator 3: Rise of the Machines
21.6%
The Curious Case of Benjamin Button
15.5%
Requiem for a Dream
14.5%
Drive
8.9%
Remove Ads.
Support Sporcle.
Get the best of Sporcle when you Go Orange. This ad-free experience offers more features, more stats, and more fun while also helping to support Sporcle. Thank you for becoming a member.

You're not logged in!

Compare scores with friends on all Sporcle quizzes.
OR
Log In

Show Comments

Extras

Top Quizzes Today


Score Distribution

Your Account Isn't Verified!

In order to create a playlist on Sporcle, you need to verify the email address you used during registration. Go to your Sporcle Settings to finish the process.

Report this User

Report this user for behavior that violates our Community Guidelines.

Details: